000 01662pam a2200337 i 4500
001 768714001
003 CO-MdFUSB
005 20210604091009.0
007 ta
008 830210t1983 ilu 000 0 eng
010 _a83000265
020 _a0877848467
040 _aDLC
_cCO-MdFUSB
_dm/c
_dCO-MdFUSB
_dCBC
_dUtOrBLW
_bspa
_erda
041 _aeng
082 _223
_a223.706
_bM932
090 _aBS1465.2
100 1 _aMouser, William E.,
_d1947-
_eautor
245 1 0 _aWalking in wisdom :
_bstudying the Proverbs of Solomon.
_c/ William E. Mouser, Jr.
264 1 _aDowners Grove, Ill. :
_bInterVarsity Press,
_c[1983]
264 4 _c© 1983
300 _a169 páginas. ;
_c21 cm.
336 _2rdacontent
_atexto
_btxt
337 _2rdamedia
_asin mediación
_bn
338 _2rdacarrier
_avolumen
_bnc
505 _a¿Qué es un proverbio? - ¿Por qué meditar en un proverbio? - Pero y ambos, uno y o: paralelismos sinónimos y antitéticos - Relleno en blanco: paralelismos antitéticos asimétricos - Caricaturas cerebrales: paralelismos emblemáticos - Enigmas y otros dobladores de la mente: paralelismos sintéticos - Tan claro como la nariz en su cara: reconocer figuras retóricas - Tu cabello es como una bandada de cabras: símiles y metáforas - Todo sobre partes y todos: sinécdoques - Casas que hablan: metonimias - Hacer sabiduría: aplicación de Proverbios a la vida - Todo bola de cera: meditación de principio a fin - Cuando necesitas ayuda: varias ayudas para estudiar.
563 _aRústico
630 7 _aBiblia.
_pProverbios
_xCrítica, interpretación, etc.
942 _cBK
945 _aJTF-925
999 _c66402
_d66402